000
00334 a2200121 4500
001
ART_46585
005
20260410161827.0
008
260409a
245
1
0
_a
Subasta experimental
100
1
_a
Rodríguez, Julieta A.
700
1
_a
Rodriguez, Elsa
773
0
_t
FACES
_g
- Año 22, Nº 47 (jul./dic. 2016)
_w
REV5046
999
_c
22886
_d
22886